[Event "Mittelfrank Regionalliga Nord-Ost 2223"]
[Site "Mittelfranken"]
[Date "2023.03.05"]
[Round "7.6"]
[White "Kanewski, Josef"]
[Black "Steinmueller, Alexander"]
[Result "1-0"]
[WhiteElo "1903"]
[BlackElo "1974"]
[PlyCount "73"]
[EventDate "2022.10.09"]
[EventType "team-tourn"]
[EventRounds "9"]
[EventCountry "GER"]
[SourceTitle "EXT 2024"]
[Source "ChessBase"]
[SourceDate "2023.10.10"]
[SourceVersion "1"]
[SourceVersionDate "2023.10.10"]
[SourceQuality "1"]
[WhiteTeam "Nuernberg Sued SW"]
[BlackTeam "Herzogenaurach II"]
[WhiteTeamCountry "GER"]
[BlackTeamCountry "GER"]

1. d4 d6 2. Nf3 Nd7 3. b3 e5 4. dxe5 Nxe5 5. Nxe5 dxe5 6. Qxd8+ Kxd8 7. Bb2 f6 8. g3 c6 9. Bg2 Bf5 10. c4 Kc7 11. Nc3 Nh6 12. 0-0 Be7 13. h3 Rhd8 14. e4 Be6 15. Rad1 Nf7 16. Rxd8 Nxd8 17. f4 Bc5+ 18. Kh2 Bd4 19. Rd1 a5 20. Na4 Bxb2 21. Nxb2 Nf7 22. Bf3 g6 23. Nd3 a4 24. Nc5 Nd8 25. Rd2 axb3 26. axb3 b6 27. Nd3 Ra3 28. Bd1 Nf7 29. Kg2 Ra8 30. Kf3 Rd8 31. Ke3 Bxh3 32. Rh2 Bf1 33. Nf2 exf4+ 34. gxf4 Re8 35. Rxh7 Re7 36. f5 Kd6 37. fxg6 1-0

[Event "Mittelfrank Regionalliga Nord-Ost 2223"]
[Site "Mittelfranken"]
[Date "2022.12.11"]
[Round "4.5"]
[White "Wittmann, Karl"]
[Black "Kanewski, Josef"]
[Result "1-0"]
[WhiteElo "2063"]
[BlackElo "1903"]
[PlyCount "77"]
[EventDate "2022.10.09"]
[EventType "team-tourn"]
[EventRounds "9"]
[EventCountry "GER"]
[SourceTitle "EXT 2024"]
[Source "ChessBase"]
[SourceDate "2023.10.10"]
[SourceVersion "1"]
[SourceVersionDate "2023.10.10"]
[SourceQuality "1"]
[WhiteTeam "Fuerth SG"]
[BlackTeam "Nuernberg Sued SW II"]
[WhiteTeamCountry "GER"]
[BlackTeamCountry "GER"]

1. e4 c5 2. Nf3 Nc6 3. d4 cxd4 4. Nxd4 Nf6 5. Nc3 e5 6. Ndb5 d6 7. Nd5 Nxd5 8. exd5 Nb8 9. a4 Be7 10. Bd3 0-0 11. Be3 a6 12. Na3 f5 13. Nc4 Nd7 14. a5 Qe8 15. f4 e4 16. Be2 Nf6 17. Nb6 Rb8 18. h3 Bd8 19. c4 Nd7 20. 0-0 Nxb6 21. axb6 Bd7 22. b4 Rc8 23. Qb3 Kh8 24. Rfc1 Be7 25. c5 Bb5 26. Bxb5 Qxb5 27. Ra5 Qd7 28. Qc4 dxc5 29. bxc5 Rf6 30. c6 bxc6 31. Rxa6 c5 32. Ra7 Qd8 33. b7 Rb8 34. Bxc5 Bxc5+ 35. Qxc5 h6 36. Qc7 Rd6 37. Ra8 Qxc7 38. Rxc7 Rdd8 39. Rxb8 1-0

[Event "Mittelfrank Regionalliga Nord-Ost 2223"]
[Site "Mittelfranken"]
[Date "2022.11.27"]
[Round "3.5"]
[White "Kanewski, Josef"]
[Black "Danninger, Hugo Kian"]
[Result "0-1"]
[WhiteElo "1903"]
[BlackElo "1950"]
[PlyCount "110"]
[EventDate "2022.10.09"]
[EventType "team-tourn"]
[EventRounds "9"]
[EventCountry "GER"]
[SourceTitle "EXT 2024"]
[Source "ChessBase"]
[SourceDate "2023.10.10"]
[SourceVersion "1"]
[SourceVersionDate "2023.10.10"]
[SourceQuality "1"]
[WhiteTeam "Nuernberg Sued SW II"]
[BlackTeam "Nuernberg Noris Tarrasch III"]
[WhiteTeamCountry "GER"]
[BlackTeamCountry "GER"]

1. d4 e6 2. c4 d5 3. Nc3 Nf6 4. cxd5 exd5 5. Bg5 Be7 6. e3 c6 7. Bd3 0-0 8. Nf3 Nbd7 9. Qc2 Re8 10. 0-0 Nf8 11. Bxf6 Bxf6 12. b4 g6 13. Rab1 b6 14. Ne2 Qd6 15. Rfe1 Bd7 16. a4 Ne6 17. Nd2 Bg7 18. Ba6 Rab8 19. Bd3 Rbc8 20. Ba6 Rc7 21. Bd3 c5 22. bxc5 bxc5 23. dxc5 Nxc5 24. Bb5 Bf5 25. e4 Rxe4 26. Nxe4 Bxe4 27. Qd2 a6 28. Bc4 Bxb1 29. Rxb1 Rd7 30. Rd1 d4 31. a5 Qc7 32. Nc1 Ne4 33. Qd3 Qf4 34. f3 Nc5 35. Qe2 Be5 36. g3 Qf6 37. Nd3 Nxd3 38. Bxd3 Re7 39. Qf1 Bc7 40. Ra1 Re6 41. Kg2 h5 42. Ra4 h4 43. Rc4 Bxa5 44. Ra4 Re1 45. Qf2 Qe5 46. gxh4 Re3 47. Bf1 Be1 48. Qc2 Qd5 49. Qc8+ Kh7 50. Qg4 d3 51. Rd4 Qe5 52. Qf4 Re2+ 53. Bxe2 Qxe2+ 54. Kh3 Qf1+ 55. Kg4 Qg2+ 0-1

[Event "Bayern-ch 92th"]
[Site "Lichtenfels"]
[Date "2021.08.25"]
[Round "5"]
[White "Heimerl, Detlev"]
[Black "Kanewski, Josef"]
[Result "0-1"]
[WhiteElo "1940"]
[BlackElo "2084"]
[PlyCount "117"]
[EventDate "2021.08.22"]
[EventType "swiss"]
[EventRounds "9"]
[EventCountry "GER"]
[SourceTitle "EXT 2023"]
[Source "ChessBase"]
[SourceDate "2022.10.05"]
[SourceVersion "1"]
[SourceVersionDate "2022.10.05"]
[SourceQuality "1"]

1. d4 f5 2. Bg5 Nf6 3. Bxf6 exf6 4. Nf3 d5 5. e3 c6 6. Bd3 Bd6 7. c3 Be6 8. Nbd2 Nd7 9. Qc2 g6 10. c4 dxc4 11. Bxc4 Qe7 12. Bxe6 Qxe6 13. Qb3 Qxb3 14. Nxb3 0-0-0 15. 0-0-0 Nb6 16. Rhe1 Rhe8 17. h3 Re7 18. Nfd2 Rde8 19. a3 Nd5 20. Rf1 h5 21. Kb1 h4 22. Nc5 b6 23. Nd3 g5 24. Rc1 Kb7 25. Rc2 Re6 26. Rfc1 Bb8 27. Rc4 g4 28. hxg4 fxg4 29. e4 Ne7 30. Rf1 a5 31. f4 gxf3 32. Rxf3 Rg8 33. Rf2 Bg3 34. Re2 Ka7 35. Nf3 Rg4 36. e5 Kb7 37. Rcc2 fxe5 38. dxe5 Nf5 39. Rc1 Nd4 40. Rc4 c5 41. Nxd4 cxd4 42. a4 Re7 43. b4 Rc7 44. Rxc7+ Kxc7 45. bxa5 bxa5 46. Kb2 Kc6 47. e6 Rg8 48. e7 Re8 49. Kc1 Kd5 50. Kc2 Bd6 51. Ne1 Rxe7 52. Rxe7 Bxe7 53. Kd3 Bf6 54. Nf3 Kc5 55. Nd2 Kb4 56. Ne4 Bg7 57. Nd6 Kxa4 58. Kc4 Ka3 59. Nb5+ 0-1

[Event "Bayern-ch 92th"]
[Site "Lichtenfels"]
[Date "2021.08.25"]
[Round "6"]
[White "Kanewski, Josef"]
[Black "Boehme, Markus"]
[Result "1/2-1/2"]
[WhiteElo "2084"]
[BlackElo "2114"]
[PlyCount "68"]
[EventDate "2021.08.22"]
[EventType "swiss"]
[EventRounds "9"]
[EventCountry "GER"]
[SourceTitle "EXT 2023"]
[Source "ChessBase"]
[SourceDate "2022.10.05"]
[SourceVersion "1"]
[SourceVersionDate "2022.10.05"]
[SourceQuality "1"]

1. d4 Nf6 2. c4 c5 3. d5 b5 4. cxb5 a6 5. b6 e6 6. Nc3 Nxd5 7. Nxd5 exd5 8. Qxd5 Nc6 9. e4 Be7 10. Nf3 Rb8 11. Bc4 0-0 12. Be3 Qxb6 13. Rb1 Nb4 14. Qd2 Qg6 15. 0-0 Qxe4 16. Bb3 Rb6 17. a3 Rg6 18. Ng5 Bxg5 19. Bxg5 h6 20. f3 Qd3 21. axb4 Qxb3 22. Be7 Re8 23. Bxc5 d6 24. Bd4 Bh3 25. Rf2 Bf5 26. Re1 Rge6 27. Rd1 Bc2 28. Rdf1 Bd3 29. Rc1 Qc4 30. Bc3 d5 31. Rd1 Re3 32. Qc1 Qb5 33. Bd4 R3e6 34. Qc3 Be2 1/2-1/2

[Event "Arber Seniors op 6th"]
[Site "Bayerisch Eisenstein"]
[Date "2018.08.02"]
[Round "6"]
[White "Kanewski, Josef"]
[Black "Boeven, Manfred"]
[Result "0-1"]
[WhiteElo "2042"]
[BlackElo "2069"]
[PlyCount "52"]
[EventDate "2018.07.28"]
[EventType "swiss"]
[EventRounds "9"]
[EventCountry "GER"]
[SourceTitle "CBM 185 Extra"]
[Source "ChessBase"]
[SourceDate "2018.07.29"]
[SourceVersion "1"]
[SourceVersionDate "2018.07.29"]
[SourceQuality "1"]

1. d4 d5 2. c4 Bf5 3. Nc3 e6 4. cxd5 exd5 5. Nf3 c6 6. Qb3 Qb6 7. Nd2 Nd7 8. Qxb6 axb6 9. f3 Bb4 10. e4 dxe4 11. fxe4 Bg6 12. Bc4 b5 13. Bd3 Ngf6 14. 0-0 0-0 15. a3 Bxc3 16. bxc3 Rfe8 17. Re1 Nb6 18. Rb1 Na4 19. Rb3 Rad8 20. Bb2 Nc5 21. dxc5 Rxd3 22. Nf3 Rxe4 23. Rxe4 Nxe4 24. h3 Nxc5 25. Rb4 Rd1+ 26. Kh2 Nd3 0-1

[Event "Arber Seniors op 6th"]
[Site "Bayerisch Eisenstein"]
[Date "2018.07.30"]
[Round "3"]
[White "Zerweck, Christoph"]
[Black "Kanewski, Josef"]
[Result "1/2-1/2"]
[WhiteElo "1916"]
[BlackElo "2042"]
[PlyCount "64"]
[EventDate "2018.07.28"]
[EventType "swiss"]
[EventRounds "9"]
[EventCountry "GER"]
[SourceTitle "CBM 185 Extra"]
[Source "ChessBase"]
[SourceDate "2018.07.29"]
[SourceVersion "1"]
[SourceVersionDate "2018.07.29"]
[SourceQuality "1"]

1. e4 c5 2. Nc3 Nc6 3. Bb5 g6 4. Bxc6 dxc6 5. d3 Bg7 6. Be3 b6 7. Qd2 h5 8. h3 Nf6 9. Nf3 Be6 10. Ng5 Qd7 11. 0-0-0 0-0-0 12. Qe2 Ne8 13. Qe1 Nc7 14. Kb1 f6 15. Nxe6 Nxe6 16. f4 Nd4 17. Ne2 e5 18. Bxd4 cxd4 19. fxe5 fxe5 20. Qg3 Qe6 21. Rdf1 Rdf8 22. Qe1 c5 23. Rxf8+ Rxf8 24. Rf1 Rf6 25. Rf2 Qf7 26. Rxf6 Qxf6 27. a4 Bf8 28. Ng3 Kd7 29. Qf1 Qxf1+ 30. Nxf1 Kc6 31. Nd2 Be7 32. Nf3 Bf6 1/2-1/2

[Event "Regensburg Donau Cup 2nd"]
[Site "Regensburg"]
[Date "2018.05.12"]
[Round "5"]
[White "Schmid, Roland1111"]
[Black "Kanewski, Josef"]
[Result "1/2-1/2"]
[WhiteElo "2247"]
[BlackElo "2012"]
[PlyCount "68"]
[EventDate "2018.05.09"]
[EventType "swiss"]
[EventRounds "7"]
[EventCountry "GER"]
[SourceTitle "CBM 184 Extra"]
[Source "ChessBase"]
[SourceDate "2018.06.28"]
[SourceVersion "1"]
[SourceVersionDate "2018.06.28"]
[SourceQuality "1"]

1. c4 f5 2. Nf3 Nf6 3. e3 d6 4. d4 g6 5. b4 Bg7 6. Bb2 0-0 7. Be2 Ne4 8. Nbd2 Nxd2 9. Qxd2 c6 10. 0-0 Qe8 11. d5 Nd7 12. Bxg7 Kxg7 13. Nd4 Nf6 14. dxc6 bxc6 15. Bf3 Ne4 16. Bxe4 fxe4 17. Ne2 Ba6 18. Nc3 Qf7 19. b5 Bb7 20. Qd4+ Qf6 21. Qxf6+ Rxf6 22. Nxe4 Rf5 23. bxc6 Ba6 24. Rfc1 Re5 25. Nd2 Rc8 26. Nf3 Rc5 27. Nd4 Kf7 28. Rab1 Bxc4 29. Rb7 Bxa2 30. Ra1 Bd5 31. f3 Bxc6 32. Nxc6 R8xc6 33. Raxa7 Re5 34. e4 Rc2 1/2-1/2

[Event "Landesliga Nord 1718"]
[Site "Bayern"]
[Date "2017.11.12"]
[Round "2.5"]
[White "Kanewski, Josef"]
[Black "Auburger, Philipp"]
[Result "0-1"]
[WhiteElo "2012"]
[BlackElo "2052"]
[PlyCount "52"]
[EventDate "2017.10.22"]
[EventType "team-tourn"]
[EventRounds "9"]
[EventCountry "GER"]
[SourceTitle "EXT 2022"]
[Source "ChessBase"]
[SourceDate "2021.10.06"]
[SourceVersion "1"]
[SourceVersionDate "2021.10.06"]
[SourceQuality "1"]
[WhiteTeam "Regensburg Bavaria"]
[BlackTeam "Forchheim SC II"]
[WhiteTeamCountry "GER"]
[BlackTeamCountry "GER"]

1. d4 Nf6 2. c4 g6 3. g3 c6 4. Bg2 d5 5. Nc3 Bg7 6. Nf3 0-0 7. cxd5 cxd5 8. 0-0 Nc6 9. h3 Ne4 10. Be3 Nxc3 11. bxc3 b6 12. Qa4 Bb7 13. Rfd1 Rc8 14. Rac1 Na5 15. Nd2 Ba6 16. Kf1 b5 17. Qa3 e6 18. Nb3 Nxb3 19. axb3 Rc6 20. Rc2 Qd7 21. Qc1 Rfc8 22. Qd2 Bf8 23. Ra1 Bb4 24. Rxa6 Rxa6 25. Qc1 Rac6 26. Bd2 Bxc3 0-1

[Event "Regensburg Donau Cup"]
[Site "Regensburg"]
[Date "2017.05.28"]
[Round "7"]
[White "Klausmann, Leonard"]
[Black "Kanewski, Josef"]
[Result "0-1"]
[WhiteElo "1696"]
[BlackElo "2034"]
[PlyCount "98"]
[EventDate "2017.05.24"]
[EventType "swiss"]
[EventRounds "7"]
[EventCountry "GER"]
[SourceTitle "CBM 178 Extra"]
[Source "ChessBase"]
[SourceDate "2017.06.22"]
[SourceVersion "1"]
[SourceVersionDate "2017.06.22"]
[SourceQuality "1"]

1. e4 c5 2. Nf3 Nc6 3. g3 Nf6 4. d3 d5 5. Nbd2 g6 6. Bg2 Bg7 7. 0-0 0-0 8. c3 dxe4 9. dxe4 b6 10. Ng5 Bg4 11. f3 Bd7 12. f4 Bg4 13. Qa4 Bd7 14. Qc2 h6 15. Ngf3 b5 16. Nb3 c4 17. Nbd4 Qb6 18. Kh1 Nxd4 19. cxd4 Bc6 20. Ne5 Bb7 21. Be3 Rad8 22. Rad1 Nd7 23. Qf2 Qa6 24. a3 f5 25. Nxd7 Rxd7 26. e5 e6 27. Bxb7 Qxb7+ 28. Qg2 Qxg2+ 29. Kxg2 Rc8 30. Rf2 Rd5 31. Kf3 Kf7 32. Rc2 Bf8 33. Ke2 Rd7 34. b4 a5 35. Rb2 axb4 36. axb4 Ra8 37. Kd2 Ra4 38. Kc2 Ke8 39. Bf2 Kd8 40. Be1 Kc7 41. Bc3 Kc6 42. Kd2 Rda7 43. h3 Kd5 44. Re1 Ra2 45. Kc2 Rxb2+ 46. Kxb2 Ra4 47. Kc2 Bxb4 48. Rb1 Bxc3 49. Rxb5+ Kxd4 0-1

[Event "Regensburg Donau Cup"]
[Site "Regensburg"]
[Date "2017.05.27"]
[Round "6"]
[White "Kanewski, Josef"]
[Black "Luetkemeyer, Arnd"]
[Result "1/2-1/2"]
[WhiteElo "2034"]
[BlackElo "1844"]
[PlyCount "60"]
[EventDate "2017.05.24"]
[EventType "swiss"]
[EventRounds "7"]
[EventCountry "GER"]
[SourceTitle "CBM 178 Extra"]
[Source "ChessBase"]
[SourceDate "2017.06.22"]
[SourceVersion "1"]
[SourceVersionDate "2017.06.22"]
[SourceQuality "1"]

1. d4 Nf6 2. Nf3 b5 3. g3 Bb7 4. Bg2 e6 5. 0-0 c5 6. e3 Be7 7. b3 0-0 8. Bb2 d5 9. c4 dxc4 10. bxc4 b4 11. Nbd2 Qc7 12. a3 Na6 13. Ne5 Bxg2 14. Kxg2 cxd4 15. exd4 bxa3 16. Bxa3 Bxa3 17. Rxa3 Nb4 18. Qb3 Nc6 19. Nxc6 Qxc6+ 20. Qf3 Qd6 21. Qc3 Rfd8 22. Nf3 h6 23. Rfa1 Ne4 24. Qe3 Ng5 25. Rxa7 Rxa7 26. Rxa7 Qc6 27. d5 exd5 28. Nxg5 hxg5 29. Qf3 Qf6 30. cxd5 Qxf3+ 1/2-1/2

[Event "Regensburg Donau Cup"]
[Site "Regensburg"]
[Date "2017.05.25"]
[Round "3"]
[White "Fuchs, Stefan"]
[Black "Kanewski, Josef"]
[Result "1/2-1/2"]
[WhiteElo "1913"]
[BlackElo "2034"]
[PlyCount "91"]
[EventDate "2017.05.24"]
[EventType "swiss"]
[EventRounds "7"]
[EventCountry "GER"]
[SourceTitle "CBM 178 Extra"]
[Source "ChessBase"]
[SourceDate "2017.06.22"]
[SourceVersion "1"]
[SourceVersionDate "2017.06.22"]
[SourceQuality "1"]

1. e4 c5 2. Nf3 Nc6 3. d4 cxd4 4. Nxd4 Nf6 5. Nc3 e5 6. Ndb5 d6 7. Bg5 a6 8. Na3 b5 9. Nd5 Be7 10. Bxf6 Bxf6 11. c3 0-0 12. Be2 Bg5 13. 0-0 Ne7 14. Nxe7+ Bxe7 15. Nc2 Bb7 16. Bf3 Qb6 17. Qd3 g6 18. Nb4 Qc5 19. Rad1 Kg7 20. Nd5 Bd8 21. a3 Rc8 22. Bg4 f5 23. exf5 Bxd5 24. Qxd5 gxf5 25. Qxc5 Rxc5 26. Be2 d5 27. f3 Bb6 28. Kh1 Rd8 29. g4 f4 30. Bd3 h6 31. Rfe1 Kf6 32. Bf5 Rc6 33. Rd3 Be3 34. Red1 d4 35. cxd4 exd4 36. Rb3 Rdd6 37. Kg2 Rc5 38. Kf1 Kg5 39. Bd3 Rdc6 40. Ke2 Rc1 41. Rxc1 Rxc1 42. a4 Rh1 43. axb5 Rxh2+ 44. Ke1 axb5 45. Rxb5+ Kf6 46. Rh5 1/2-1/2

[Event "Regionalliga NO 1617"]
[Site "Bayern"]
[Date "2017.03.19"]
[Round "7.5"]
[White "Kanewski, Josef"]
[Black "Troidl, Thomas"]
[Result "0-1"]
[WhiteElo "2048"]
[BlackElo "1916"]
[PlyCount "82"]
[EventDate "2016.10.16"]
[EventType "team-tourn"]
[EventRounds "9"]
[EventCountry "GER"]
[SourceTitle "EXT 2019"]
[Source "ChessBase"]
[SourceDate "2018.10.10"]
[SourceVersion "1"]
[SourceVersionDate "2018.10.10"]
[SourceQuality "1"]
[WhiteTeam "Regensburg Bavaria"]
[BlackTeam "Kareth Lappersdorf II"]
[WhiteTeamCountry "GER"]
[BlackTeamCountry "GER"]

1. d4 d5 2. c4 e6 3. Nc3 f5 4. g3 Nf6 5. Bg2 c6 6. Nf3 Bd6 7. b3 0-0 8. 0-0 Nbd7 9. Ne1 Qe8 10. Nd3 Ne4 11. Bb2 Ndf6 12. Ne5 Qh5 13. e3 Qh6 14. Qe2 Bd7 15. f3 Ng5 16. e4 dxe4 17. fxe4 Bxe5 18. dxe5 Ng4 19. h4 Nf7 20. Bc1 Qg6 21. Bf4 Nfxe5 22. Rad1 Qe8 23. exf5 exf5 24. Rfe1 Ng6 25. Qd2 Be6 26. Na4 Nxf4 27. Qxf4 Qg6 28. Rd6 Rae8 29. Nc5 Rf6 30. Nxb7 Bd7 31. Rxe8+ Qxe8 32. Rd1 Qe7 33. Qd2 Be8 34. Re1 Re6 35. Rxe6 Qxe6 36. Nd8 Qe5 37. Nxc6 Bxc6 38. Bxc6 Qc5+ 39. Kf1 Qxc6 40. Qf4 Qh1+ 41. Ke2 Qe4+ 0-1

[Event "Regionalliga NO 1617"]
[Site "Bayern"]
[Date "2017.01.15"]
[Round "4.4"]
[White "Kanewski, Josef"]
[Black "Simon, Guenther"]
[Result "1-0"]
[WhiteElo "2048"]
[BlackElo "1884"]
[PlyCount "87"]
[EventDate "2016.10.16"]
[EventType "team-tourn"]
[EventRounds "9"]
[EventCountry "GER"]
[SourceTitle "EXT 2019"]
[Source "ChessBase"]
[SourceDate "2018.10.10"]
[SourceVersion "1"]
[SourceVersionDate "2018.10.10"]
[SourceQuality "1"]
[WhiteTeam "Regensburg Bavaria"]
[BlackTeam "Regensburg Turnerschaft"]
[WhiteTeamCountry "GER"]
[BlackTeamCountry "GER"]

1. d4 Nf6 2. c4 g6 3. g3 Bg7 4. Bg2 0-0 5. Nc3 d6 6. Nf3 a6 7. 0-0 Nc6 8. b3 Bg4 9. h3 Bd7 10. Bb2 Rb8 11. d5 Na5 12. a4 c5 13. dxc6 bxc6 14. Nd2 Be6 15. Rb1 Qc8 16. Kh2 Rd8 17. Qc2 d5 18. Ba3 Qc7 19. c5 Bf5 20. e4 dxe4 21. Ndxe4 Nd5 22. Nd1 Nb4 23. Qe2 Nd3 24. b4 Nb7 25. Ne3 Qe5 26. Nc4 Qd4 27. Nb6 Qe5 28. Rbd1 Ndxc5 29. bxc5 Na5 30. Rfe1 Nb3 31. Qc4 Rxd1 32. Rxd1 Na5 33. Qxa6 Nb3 34. Qc4 Be6 35. Qc2 h5 36. f4 Qc7 37. Ng5 Nd4 38. Qf2 h4 39. Rxd4 hxg3+ 40. Kxg3 Bxd4 41. Qxd4 Rd8 42. Nxe6 fxe6 43. Qe4 Kf7 44. Bb2 1-0

[Event "Arber op Seniors 4th"]
[Site "Bodenmais"]
[Date "2016.08.01"]
[Round "3"]
[White "Klimpel, Siegfried"]
[Black "Kanewski, Josef"]
[Result "1/2-1/2"]
[WhiteElo "1867"]
[BlackElo "2107"]
[PlyCount "74"]
[EventDate "2016.07.30"]
[EventType "swiss"]
[EventRounds "9"]
[EventCountry "GER"]
[SourceTitle "EXT 2017"]
[Source "ChessBase"]
[SourceDate "2016.10.25"]
[SourceVersion "1"]
[SourceVersionDate "2016.10.25"]
[SourceQuality "1"]

1. e4 c5 2. Nf3 Nc6 3. d4 cxd4 4. Nxd4 Nf6 5. f3 e5 6. Nb5 d6 7. c4 a6 8. N5c3 g6 9. Bg5 h6 10. Bxf6 Qxf6 11. Nd5 Qd8 12. Nbc3 Bg7 13. Qa4 0-0 14. 0-0-0 Nd4 15. Qb4 Rb8 16. Qb6 Qg5+ 17. Kb1 Be6 18. f4 Qd8 19. fxe5 dxe5 20. h3 Qxb6 21. Nxb6 f5 22. Bd3 f4 23. Ncd5 Rf7 24. c5 g5 25. Nc4 Rd8 26. Nd6 Rfd7 27. Bc4 Kh7 28. Nb6 Re7 29. Bxe6 Nxe6 30. Nf5 Rxd1+ 31. Rxd1 Rc7 32. b4 Nd4 33. Nd5 Rc6 34. Nd6 b5 35. Ne7 Rc7 36. Nd5 Rc6 37. Ne7 Rc7 1/2-1/2

[Event "Regionalliga NO 1516"]
[Site "Bayern"]
[Date "2015.12.13"]
[Round "4.4"]
[White "Kanewski, Josef"]
[Black "Wind, Patrick"]
[Result "1-0"]
[WhiteElo "2103"]
[BlackElo "1911"]
[PlyCount "71"]
[EventDate "2015.10.11"]
[EventType "team-tourn"]
[EventRounds "9"]
[EventCountry "GER"]
[SourceTitle "EXT 2018"]
[Source "ChessBase"]
[SourceDate "2017.10.13"]
[SourceVersion "1"]
[SourceVersionDate "2017.10.13"]
[SourceQuality "1"]
[WhiteTeam "Regensburg Bavaria"]
[BlackTeam "Bechhofen"]
[WhiteTeamCountry "GER"]
[BlackTeamCountry "GER"]

1. d4 Nf6 2. c4 e6 3. Nc3 Bb4 4. Bg5 h6 5. Bh4 0-0 6. e3 b6 7. Bd3 Bb7 8. f3 Bxc3+ 9. bxc3 d6 10. Ne2 Nbd7 11. 0-0 Qe8 12. Qc2 e5 13. e4 g5 14. Bf2 Nh5 15. Be3 Kh7 16. Ng3 Nxg3 17. hxg3 f6 18. g4 Kg7 19. g3 Rh8 20. Kg2 Qe7 21. Rh1 Rae8 22. Rae1 Nf8 23. Qa4 Ra8 24. c5 dxc5 25. dxc5 Ne6 26. Bc4 Rhd8 27. c6 Bc8 28. Rd1 a6 29. Rxd8 Nxd8 30. Bd5 Ne6 31. Rd1 Rb8 32. Qb4 Qe8 33. a4 Nd8 34. a5 b5 35. Qc5 b4 36. Qa7 1-0

[Event "Arber op Seniors 2nd"]
[Site "Bayerisch Eisenstein"]
[Date "2014.08.24"]
[Round "9"]
[White "Kanewski, Josef"]
[Black "Tomanek, Rafael"]
[Result "1-0"]
[WhiteElo "2084"]
[BlackElo "1946"]
[PlyCount "81"]
[EventDate "2014.08.16"]
[EventType "swiss"]
[EventRounds "9"]
[EventCountry "GER"]
[SourceTitle "EXT 2016"]
[Source "ChessBase"]
[SourceDate "2015.10.08"]
[SourceVersion "1"]
[SourceVersionDate "2015.10.08"]
[SourceQuality "1"]

1. d4 d5 2. c4 e6 3. Nc3 Nf6 4. cxd5 exd5 5. Bg5 Be7 6. e3 c6 7. Bd3 Nbd7 8. Nf3 0-0 9. Qc2 Re8 10. 0-0 Nf8 11. Bxf6 Bxf6 12. b4 Bg4 13. Nd2 Rc8 14. Rfc1 a6 15. Na4 Be7 16. Rab1 Bd6 17. Nf1 Rc7 18. Nc5 g6 19. a4 Bc8 20. Qb2 Ne6 21. Rc2 Nxc5 22. bxc5 Bf8 23. Qc3 h5 24. Rcb2 Bh6 25. Nd2 Ree7 26. Nf3 Bg7 27. Ne5 Bxe5 28. dxe5 Qe8 29. f4 Bf5 30. Bxf5 gxf5 31. Rb3 Qc8 32. Qe1 Qe6 33. Qh4 Qh6 34. Rf1 Rcd7 35. Rf3 Re6 36. Qh3 Qh7 37. Rg3+ Kf8 38. Rg5 f6 39. Rxh5 Qg6 40. Qxf5 Qxf5 41. Rxf5 1-0

[Event "Arber op Seniors 2nd"]
[Site "Bayerisch Eisenstein"]
[Date "2014.08.23"]
[Round "8"]
[White "Zilch, Lothar"]
[Black "Kanewski, Josef"]
[Result "1-0"]
[WhiteElo "1931"]
[BlackElo "2084"]
[PlyCount "69"]
[EventDate "2014.08.16"]
[EventType "swiss"]
[EventRounds "9"]
[EventCountry "GER"]
[SourceTitle "EXT 2016"]
[Source "ChessBase"]
[SourceDate "2015.10.08"]
[SourceVersion "1"]
[SourceVersionDate "2015.10.08"]
[SourceQuality "1"]

1. c4 f5 2. d4 Nf6 3. Nc3 g6 4. g3 Bg7 5. Bg2 d6 6. e3 0-0 7. Nf3 c6 8. 0-0 Qc7 9. d5 e5 10. dxe6 Bxe6 11. Qd3 Kh8 12. Rd1 Na6 13. Qe2 Rad8 14. Bd2 h6 15. Rab1 Qf7 16. b3 Nc5 17. Nd4 Bc8 18. Be1 Rfe8 19. Rbc1 g5 20. Qc2 Nce4 21. Nde2 Nc5 22. Nd4 Nfe4 23. Kh1 Nxc3 24. Bxc3 f4 25. exf4 gxf4 26. b4 Na6 27. b5 Nc5 28. bxc6 Qxc4 29. cxb7 Nxb7 30. Nc6 Bxc3 31. Qxc3+ Qxc3 32. Rxc3 Rd7 33. Nxa7 Nc5 34. Nxc8 Rxc8 35. Bh3 1-0

[Event "Arber op Seniors 2nd"]
[Site "Bayerisch Eisenstein"]
[Date "2014.08.22"]
[Round "7"]
[White "Kanewski, Josef"]
[Black "Titz, Herbert"]
[Result "1-0"]
[WhiteElo "2084"]
[BlackElo "1987"]
[PlyCount "83"]
[EventDate "2014.08.16"]
[EventType "swiss"]
[EventRounds "9"]
[EventCountry "GER"]
[SourceTitle "EXT 2016"]
[Source "ChessBase"]
[SourceDate "2015.10.08"]
[SourceVersion "1"]
[SourceVersionDate "2015.10.08"]
[SourceQuality "1"]

1. d4 Nf6 2. c4 c5 3. d5 b5 4. cxb5 a6 5. b6 Qxb6 6. Nc3 d6 7. e4 g6 8. Be2 Bg7 9. Nf3 0-0 10. 0-0 a5 11. a4 Na6 12. Nd2 Nc7 13. Nc4 Qa7 14. Na3 Ba6 15. Bxa6 Qxa6 16. Ncb5 Qb7 17. Qe2 Nd7 18. Bg5 Rfe8 19. Qc2 Na6 20. Bd2 Nb4 21. Qb3 Nb6 22. Bc3 Rac8 23. Nc4 Nxc4 24. Qxc4 Rcd8 25. Rad1 Qb6 26. f4 Na6 27. e5 Nc7 28. Rfe1 Nxb5 29. Qxb5 Qxb5 30. axb5 dxe5 31. fxe5 a4 32. Re4 Rb8 33. Rxa4 Rxb5 34. Ra7 Bf8 35. d6 exd6 36. exd6 Bg7 37. d7 Rd8 38. Re1 Bxc3 39. Re8+ Kg7 40. Rxd8 Rxb2 41. Rg8+ Kxg8 42. d8Q+ 1-0

[Event "Arber op Seniors 2nd"]
[Site "Bayerisch Eisenstein"]
[Date "2014.08.19"]
[Round "4"]
[White "Kiefer, Herbert"]
[Black "Kanewski, Josef"]
[Result "0-1"]
[WhiteElo "1872"]
[BlackElo "2084"]
[PlyCount "60"]
[EventDate "2014.08.16"]
[EventType "swiss"]
[EventRounds "9"]
[EventCountry "GER"]
[SourceTitle "EXT 2016"]
[Source "ChessBase"]
[SourceDate "2015.10.08"]
[SourceVersion "1"]
[SourceVersionDate "2015.10.08"]
[SourceQuality "1"]

1. Nf3 f5 2. c4 Nf6 3. Nc3 d6 4. d4 g6 5. g3 Bg7 6. Bg2 0-0 7. 0-0 Nc6 8. b3 e5 9. dxe5 dxe5 10. Ba3 Re8 11. Qxd8 Rxd8 12. Rad1 Bd7 13. Nd5 e4 14. Ng5 h6 15. Nh3 Nxd5 16. cxd5 Nd4 17. e3 Ne2+ 18. Kh1 Nc3 19. Rd2 Bb5 20. Rc1 Rxd5 21. Rxd5 Nxd5 22. Nf4 Nxf4 23. gxf4 Rd8 24. Be7 Rd7 25. Bb4 b6 26. a4 Be2 27. Bf1 Bxf1 28. Rxf1 c5 29. Ba3 Rd3 30. Rb1 c4 0-1